000 00302 a2200121 4500
001 146950
040 _cEscola São Tomás de Aquino
100 _aKING, Stephen Michael
240 1 0 _aO homem que amava caixas
_lpor
245 1 0 _aO homem que amava caixas
697 _a*LITERATURA INFANTIL
942 _cBK
999 _c146950
_d146950